[Event "Pardubice Czech op-A 28th"]
[Site "Pardubice"]
[Date "2017.07.23"]
[Round "3"]
[White "Polyakov, Fedor"]
[Black "Goluch, Piotr"]
[Result "0-1"]
[WhiteElo "2120"]
[BlackElo "2288"]
[PlyCount "112"]
[EventDate "2017.07.21"]
[EventType "swiss"]
[EventRounds "9"]
[EventCountry "CZE"]
[SourceTitle "CBM 179 Extra"]
[Source "ChessBase"]
[SourceDate "2017.08.23"]
[SourceVersion "1"]
[SourceVersionDate "2017.08.23"]
[SourceQuality "1"]

1. d4 Nf6 2. c4 c5 3. d5 b5 4. cxb5 a6 5. b6 d6 6. Nc3 Nbd7 7. e4 g6 8. Nf3 Bg7 9. Bd3 0-0 10. 0-0 Nxb6 11. Nd2 Nfd7 12. a4 Ra7 13. a5 Na8 14. f4 Nc7 15. Ra3 Nb5 16. Nxb5 axb5 17. Bxb5 Rxa5 18. Bd3 Qc7 19. Nc4 Ra7 20. Rxa7 Qxa7 21. Bd2 Nb6 22. Bc3 Bxc3 23. bxc3 Ba6 24. Nxb6 c4 25. Be2 Qxb6+ 26. Qd4 Qxd4+ 27. cxd4 Rb8 28. Rc1 f5 29. exf5 gxf5 30. Rc2 Kf7 31. Kf2 Rb4 32. Rc3 Kf6 33. Ra3 Bb7 34. Bf3 Rb3 35. Ra4 c3 36. Rc4 Ba6 37. Rc7 Rb2+ 38. Ke3 Bf1 39. Rxc3 Bxg2 40. Be2 Bxd5 41. Ra3 Bc6 42. Rc3 Bb5 43. Bxb5 Rxb5 44. Kf3 Rb2 45. Kg3 Rd2 46. Rc4 Rd3+ 47. Kg2 Ke6 48. Ra4 h5 49. Rb4 h4 50. Ra4 h3+ 51. Kf2 Kd5 52. Ra8 Ke4 53. Ra7 e6 54. Ke2 Rb3 55. Re7 Rb2+ 56. Ke1 Kd5 0-1

[Event "World ol U16"]
[Site "Poprad"]
[Date "2016.07.28"]
[Round "8.3"]
[White "Polyakov, Fedor"]
[Black "Meier, Lukas"]
[Result "1-0"]
[WhiteElo "1970"]
[BlackElo "1874"]
[PlyCount "81"]
[EventDate "2016.07.22"]
[EventType "team-swiss"]
[EventRounds "9"]
[EventCountry "SVK"]
[SourceTitle "EXT 2017"]
[Source "ChessBase"]
[SourceDate "2016.10.25"]
[SourceVersion "1"]
[SourceVersionDate "2016.10.25"]
[SourceQuality "1"]
[WhiteTeam "Latvia"]
[BlackTeam "Switzerland"]
[WhiteTeamCountry "LAT"]
[BlackTeamCountry "SUI"]

1. d4 Nf6 2. c4 c5 3. d5 b5 4. cxb5 a6 5. b6 e6 6. Nc3 Nxd5 7. Nxd5 exd5 8. Qxd5 Nc6 9. Nf3 Rb8 10. Ne5 Qf6 11. Nxc6 dxc6 12. Qb3 Bd6 13. Bd2 Be6 14. Qc3 Be7 15. Qg3 0-0 16. Bc3 Qh6 17. e3 Rxb6 18. Bd3 Bf6 19. 0-0 Bxc3 20. bxc3 Qf6 21. Qc7 Rfb8 22. Rab1 Rxb1 23. Bxb1 Rc8 24. Qa5 Bc4 25. Rd1 Bb5 26. a4 Bc4 27. Qxc5 Bb3 28. Rd4 Rd8 29. Qb6 Bd5 30. c4 Rc8 31. cxd5 cxd5 32. Qb2 g6 33. Bd3 a5 34. Bf1 Qc6 35. Qd2 Qb6 36. Rxd5 Ra8 37. Qd4 Qc7 38. Rd7 Qb8 39. Qd5 Qf8 40. g3 Qe8 41. Bc4 1-0

[Event "World ol U16"]
[Site "Poprad"]
[Date "2016.07.27"]
[Round "7.3"]
[White "Martinovici, Ilie"]
[Black "Polyakov, Fedor"]
[Result "1-0"]
[WhiteElo "2097"]
[BlackElo "1970"]
[PlyCount "101"]
[EventDate "2016.07.22"]
[EventType "team-swiss"]
[EventRounds "9"]
[EventCountry "SVK"]
[SourceTitle "EXT 2017"]
[Source "ChessBase"]
[SourceDate "2016.10.25"]
[SourceVersion "1"]
[SourceVersionDate "2016.10.25"]
[SourceQuality "1"]
[WhiteTeam "Moldova"]
[BlackTeam "Latvia"]
[WhiteTeamCountry "MDA"]
[BlackTeamCountry "LAT"]

1. d4 Nf6 2. Nf3 c5 3. d5 e6 4. c4 exd5 5. cxd5 d6 6. Nc3 g6 7. g3 Bg7 8. Bg2 0-0 9. 0-0 Na6 10. Nd2 Nc7 11. a4 b6 12. Nc4 Ba6 13. Qb3 Bxc4 14. Qxc4 a6 15. Qd3 Nd7 16. e4 Ne5 17. Qc2 b5 18. f4 Nc4 19. axb5 Nxb5 20. Ne2 Nb6 21. Be3 Re8 22. Rad1 f5 23. e5 dxe5 24. fxe5 Bxe5 25. Nf4 Nd4 26. Qxc5 Rc8 27. Qa5 Bxf4 28. Bxd4 Be3+ 29. Bxe3 Rxe3 30. d6 Nd7 31. Qd5+ Kf8 32. Qd4 Re5 33. Bb7 Rcc5 34. b4 Rc2 35. Be4 Rc8 36. Bb7 Rc2 37. Rfe1 Rxe1+ 38. Rxe1 Qb6 39. Qxb6 Nxb6 40. Rd1 Ke8 41. Bxa6 Kd8 42. Bb5 Nd7 43. Ra1 Nb8 44. Ra8 Rc8 45. Kf2 Nd7 46. Rxc8+ Kxc8 47. Bxd7+ Kxd7 48. Ke3 g5 49. Kd4 Kxd6 50. b5 h5 51. h4 1-0

[Event "World ol U16"]
[Site "Poprad"]
[Date "2016.07.22"]
[Round "1.3"]
[White "Nitish, Belurkar"]
[Black "Polyakov, Fedor"]
[Result "0-1"]
[WhiteElo "2275"]
[BlackElo "1970"]
[PlyCount "76"]
[EventDate "2016.07.22"]
[EventType "team-swiss"]
[EventRounds "9"]
[EventCountry "SVK"]
[SourceTitle "EXT 2017"]
[Source "ChessBase"]
[SourceDate "2016.10.25"]
[SourceVersion "1"]
[SourceVersionDate "2016.10.25"]
[SourceQuality "1"]
[WhiteTeam "India"]
[BlackTeam "Latvia"]
[WhiteTeamCountry "IND"]
[BlackTeamCountry "LAT"]

1. e4 c5 2. c3 e5 3. Nf3 Nc6 4. Bb5 Qc7 5. 0-0 Nf6 6. Re1 Bd6 7. Na3 0-0 8. Nc2 a6 9. Bf1 Re8 10. d3 Be7 11. Bg5 d6 12. Ne3 Be6 13. Nh4 g6 14. g3 Qd7 15. Bg2 Ng4 16. Bxe7 Nxe3 17. Rxe3 Qxe7 18. Nf3 Rec8 19. Qd2 Rab8 20. b3 b5 21. h4 a5 22. d4 cxd4 23. cxd4 Nb4 24. Ne1 exd4 25. Qxd4 Nc2 26. Nxc2 Rxc2 27. Rd3 Rbc8 28. Qb6 Qf6 29. Rf1 Rxa2 30. Qxb5 Rcc2 31. Qb6 Kg7 32. Rxd6 Qe5 33. Kh1 Bxb3 34. Rd8 Bc4 35. Rg1 Rxf2 36. Rc8 Be6 37. Re8 Qxg3 38. Qd4+ Kh6 0-1

[Event "EU-ch blitz"]
[Site "Minsk"]
[Date "2015.12.18"]
[Round "1.36"]
[White "Polyakov, Fedor"]
[Black "Goganov, Aleksey"]
[Result "0-1"]
[WhiteElo "1882"]
[BlackElo "2597"]
[PlyCount "74"]
[EventDate "2015.12.18"]
[EventType "swiss (blitz)"]
[EventRounds "22"]
[EventCountry "BLR"]
[SourceTitle "EXT 2017"]
[Source "ChessBase"]
[SourceDate "2016.10.25"]
[SourceVersion "1"]
[SourceVersionDate "2016.10.25"]
[SourceQuality "1"]

1. d4 Nf6 2. c4 e6 3. Nf3 Bb4+ 4. Bd2 Qe7 5. a3 Bxd2+ 6. Qxd2 0-0 7. Nc3 d5 8. e3 c5 9. cxd5 exd5 10. Bd3 Nc6 11. 0-0 Bg4 12. dxc5 Bxf3 13. gxf3 Ne5 14. Be2 Qxc5 15. f4 Nc4 16. Qc2 Rac8 17. Bxc4 dxc4 18. Ne2 b5 19. Nd4 Rfe8 20. Rac1 Ne4 21. f3 Nf6 22. Kf2 Nd5 23. Rce1 Nxe3 24. Rxe3 Qxd4 25. Rfe1 c3 26. bxc3 Qc5 27. Qd2 Rf8 28. Kg2 Qxa3 29. Re5 a6 30. R1e3 Qb3 31. Kh3 Qc4 32. R3e4 Qxc3 33. Qg2 Rc6 34. f5 Qc1 35. Re1 Qh6+ 36. Kg3 Qg5+ 37. Kh3 Rh6# 0-1

[Event "EU-ch U14 24th"]
[Site "Batumi"]
[Date "2014.10.22"]
[Round "4"]
[White "Polyakov, Fedor"]
[Black "Karpus, Michal"]
[Result "0-1"]
[WhiteElo "1841"]
[BlackElo "2128"]
[PlyCount "56"]
[EventDate "2014.10.19"]
[EventType "swiss"]
[EventRounds "9"]
[EventCountry "GEO"]
[SourceTitle "EXT 2015"]
[Source "ChessBase"]
[SourceDate "2014.11.20"]
[SourceVersion "1"]
[SourceVersionDate "2014.11.20"]
[SourceQuality "1"]

1. d4 Nf6 2. c4 g6 3. Nc3 Bg7 4. g3 0-0 5. Bg2 d6 6. Nf3 Nc6 7. 0-0 Bg4 8. h3 Bxf3 9. Bxf3 Nd7 10. e3 e5 11. d5 Ne7 12. e4 f5 13. Bg2 a5 14. Bg5 h6 15. Bxe7 Qxe7 16. a3 f4 17. g4 Nb6 18. Qe2 a4 19. f3 Nd7 20. Nb1 h5 21. Nd2 hxg4 22. fxg4 Nc5 23. Qf3 b6 24. b4 axb3 25. Nxb3 Nxe4 26. Nc1 Bf6 27. Nd3 Bh4 28. Nb2 Nc5 0-1